Bibersteinowie w dziejach pogranicza śla̜sko-łużyckiego

Titel: Bibersteinowie w dziejach pogranicza śla̜sko-łużyckiego / red. nauk. Tomasz Jaworski
Beteiligt:
Veröffentlicht: Zielona Góra : Uniwersytet Zielonogórski, 2006
Umfang: 246 S. : Ill., Kt.
Format: Buch
Sprache: Polnisch
Schlagworte:
ISBN: 8374810440
Buchumschlag
X
Lokale Klassifikation: 2 B 527 ; 14 4 D ; 15 4 D
alg: 18335476
001A    $03004:20-12-06 
001B    $03025:12-11-25 $t15:34:31.000 
001C    $03004:18-01-07 $t07:51:30.000 
001D    $03004:18-01-07 
001U    $0utf8 
001X    $00 
002@    $0Aau 
003@    $0183354761 
003O    $0611925063 $aOCoLC 
004A    $083-7481-044-0 
006G    $0983884900 
006U    $008,A11,2045 $f20070419 
007A    $0183354761 $aHEB 
007G    $0DE0203AC6877C3584D643C1257ADA0052EDC8 
007T    $0Herdww035822 
009P    $qapplication/pdf $A2 $3Inhaltsverzeichnis $uhttp://scans.hebis.de/HEBCGI/show.pl?18335476_toc.pdf $mV:DE-603;B:DE-Mb50 
010@    $apol 
011@    $a2006 
021A    $aBibersteinowie w dziejach pogranicza śla̜sko-łużyckiego $hred. nauk. Tomasz Jaworski 
028C    $BHrsg. $7 $8Jaworski, Tomasz [Tnd] $9149530501 
033A    $pZielona Góra $nUniwersytet Zielonogórski 
034D    $a246 S. 
034M    $aIll., Kt. 
039U    $8--Aox--Konopnicka, Małgorzata. Bibersteinowie w dziejach pogranicza śla̜sko-łużyckiego. - Zielona Góra, 2008 $9395302188 
041A    $#Bieberstein  $7133994082 $8$PBiberstein$lFamilie, Schweiz [Tp1] $9195446887 
044K    $#Bibersztein  $#Bibersztajn  $#Bieberstein  $#Biberštejn  $7138140913X $8$PBiberstein$lFamilie, Böhmen, Schlesien, Lausitz [Tp3] $9535113919 
045E    $c920 $c940 
045F    $a929.209494 $eDDC22ger 
045F/01 $a929.2 
045F/03 $g494 
045G    $a929.094385 $eDDC23BSB 
045G/01 $a929 
045G/03 $g4385 
045G/03 $g4321 
045R    $aGeschichte 
046M    $aMit Inhaltsverz. und Zsfassungen in dt. und engl. Sprache 

lok: 18335476 24
101B    $026-01-07 $t14:52:58.000 
101C    $026-01-07 
101U    $0utf8 
145Z/01 $a2 B 527 
145Z/02 $a14 4 D 
145Z/03 $a15 4 D 

exp: 18335476 24 1 #EPN
201B/01 $026-01-07 $t14:52:58.000 
201C/01 $020-12-06 
201U/01 $0utf8 
203@/01 $0498357473 
208@/01 $a26-01-07 $bz 
209A/01 $a07.0261 $du $f050 $h07 0261 $x00 
209C/01 $a07.0261 K $h07 0261 K 
209G/01 $a71588904 $x00 
220C/01 $agro 
247C/01 $8358050-7 Marburg, Bibliothek des Herder-Instituts Marburg $9102600961 

lok: 18335476 78

exp: 18335476 78 1 #EPN
201B/01 $020-05-19 $t22:53:02.000 
201U/01 $0utf8 
203@/01 $0792423674 
208@/01 $a12-11-16 $be 
209A/01 $a/ $f000 $x00 
220C/01 $aTitelaufnehmer: BN 
220C/01 $aHerkunft: IH UWr 
237A/01 $adt. Res.. - weiterführende Signatur(en): Herder-Institut: 07.0261 
244Z/01 $2Trx $#Silesia $#Śląsk $#Sliezsko $#Slezsko $8--Trx--Schlesien $x01 $9391173987 
244Z/01 $2Trx $#Poola $#Lenkija $#Polija $#Polen Land $#Poland $#Lengyelország $#Poľsko $#Polsko $8--Trx--Polska$gkraj $x02 $9391345966 
244Z/01 $#Hornja Łužica $#Lausitz, Süd $#Südliche Lausitz $#Górne Łużyce $74042942-8 $8--Tg1--Oberlausitz $x03 $9085119431 
244Z/01 $aGeschichte 1175-2005 $x04 
244Z/01 $2Trx $#Bibersztajn $#Bíbrštejna z $#Bieberstein von $8--Trx--Biberstein, von$lFamilie $x05 $9390740012 
244Z/01 $2Trx $#perekonnad ja sugupõlved $#giminės ir šeimos $#Families and Noble Houses $#családok és nemek $#rody i rodziny $#rodiny a rody $#rodiny a rody $#Geschlechter $#Noble Houses $#rody $#rody $#rody $8--Trx--Familien und Geschlechter $x06 $9391371916 
244Z/01 $2Trx $#dzieło zbiorowe $8--Trx--Sammelwerk $x07 $9391384597 
245Z/01 $a12.02 $x01 
247C/01 $82080>Marburg/Lahn, Herder-Institut, Forschungsbibliothek, Bibliographieportal $9336309341
LEADER 00000cam a2200000 c 4500
001 183354761
003 DE-603
005 20251112153431.0
007 tu
008 061220s2006 xx |||| | u00||u|pol
015 |a 08,A11,2045  |2 dnb 
016 7 |2 DE-101  |a 983884900 
020 |a 8374810440 
035 |a (DE-599)HEB183354761 
035 |a (OCoLC)611925063 
040 |a DE-603  |b ger  |c DE-603  |d DE-603 
041 |a pol 
082 0 4 |8 1\u  |a 929.209494  |q DE-101  |2 22/ger 
083 0 |8 2\u  |a 929.094385  |q DE-101  |2 23/BSB 
084 |a 920  |a 940  |q DE-101  |2 sdnb 
085 |8 1\u  |b 929.2 
085 |8 1\u  |z 2  |s 494 
085 |8 2\u  |b 929 
085 |8 2\u  |z 2  |s 4385 
085 |8 2\u  |z 2  |s 4321 
245 0 0 |a Bibersteinowie w dziejach pogranicza śla̜sko-łużyckiego  |c red. nauk. Tomasz Jaworski 
264 1 |a Zielona Góra  |b Uniwersytet Zielonogórski  |c 2006 
300 |a 246 S.  |b Ill., Kt. 
500 |a Mit Inhaltsverz. und Zsfassungen in dt. und engl. Sprache 
600 3 7 |a Biberstein  |c Familie, Schweiz  |0 (DE-588)133994082  |0 (DE-603)195446887  |2 gnd 
600 3 7 |a Biberstein  |c Familie, Böhmen, Schlesien, Lausitz  |0 (DE-588)138140913X  |0 (DE-603)535113919  |2 gnd 
648 7 |a Geschichte  |2 gnd 
700 1 |a Jaworski, Tomasz  |e Hrsg.  |4 edt  |0 (DE-603)149530501 
787 0 8 |i Rezensiert in  |a Konopnicka, Małgorzata  |t Bibersteinowie w dziejach pogranicza śla̜sko-łużyckiego. - Zielona Góra  |w (DE-603)395302188 
856 4 2 |m V:DE-603;B:DE-Mb50  |q application/pdf  |u http://scans.hebis.de/HEBCGI/show.pl?18335476_toc.pdf  |3 Inhaltsverzeichnis 
924 0 |9 Mb 50  |a (DE-603)498357473  |b DE-Mb50  |c HES  |d c  |g 07.0261 
924 0 |9 2080  |a (DE-603)792423674  |b DE-2080  |c HES  |d d  |g /